<?xml version="1.0" encoding="UTF-8"?>
<record
    xmlns:xsi="http://www.w3.org/2001/XMLSchema-instance"
    xsi:schemaLocation="http://www.loc.gov/MARC21/slim http://www.loc.gov/standards/marcxml/schema/MARC21slim.xsd"
    xmlns="http://www.loc.gov/MARC21/slim">

  <leader>02175nam a22002177a 4500</leader>
  <controlfield tag="003">OSt</controlfield>
  <controlfield tag="005">20250421160741.0</controlfield>
  <controlfield tag="008">200129b2018    ck ||||  |||| 00| f spa d</controlfield>
  <datafield tag="040" ind1=" " ind2=" ">
    <subfield code="a">CO-JMCR</subfield>
    <subfield code="c">CO-JMCR</subfield>
  </datafield>
  <datafield tag="041" ind1="0" ind2=" ">
    <subfield code="a">spa</subfield>
  </datafield>
  <datafield tag="082" ind1=" " ind2=" ">
    <subfield code="a">A-N</subfield>
    <subfield code="b">POSm</subfield>
  </datafield>
  <datafield tag="100" ind1="1" ind2=" ">
    <subfield code="a">Posada, Carmen, </subfield>
    <subfield code="e">autora</subfield>
    <subfield code="9">69</subfield>
  </datafield>
  <datafield tag="245" ind1="1" ind2="3">
    <subfield code="a">La maestra de t&#xED;teres / </subfield>
    <subfield code="c">Carmen Posada </subfield>
  </datafield>
  <datafield tag="260" ind1=" " ind2=" ">
    <subfield code="a">Bogot&#xE1; : </subfield>
    <subfield code="b">Espasa, </subfield>
    <subfield code="c">2018</subfield>
  </datafield>
  <datafield tag="300" ind1=" " ind2=" ">
    <subfield code="a">478 p&#xE1;ginas ; </subfield>
    <subfield code="c">23 cm.</subfield>
  </datafield>
  <datafield tag="500" ind1=" " ind2=" ">
    <subfield code="a">Incluye datos bibliogr&#xE1;ficos del la autora en solapa frontal</subfield>
  </datafield>
  <datafield tag="505" ind1="0" ind2=" ">
    <subfield code="a">Anoche mat&#xE9; a mam&#xE1;, no sent&#xED; nada [Gadea) -- La prehistoria [Ina] -- Una nueva vida [Ina] -- Conociendo la ciudad [Ina] -- Una lluviosa ma&#xF1;ana de noviembre [Beatriz] -- Desencanto [Beatriz] Cuatro hermanas [Beatriz] -- Mariquita p&#xE9;rez [Ina] -- Hay que alternar [Ina] -- Asesor [Ina] --El &lt;&lt;Tont&#xF3;dromo&gt;&gt; [Ina] -- Los tiempos est&#xE1;n cambiando [Beatriz] -- Nicol&#xF3;, Nicol&#xF3; [Beatriz] -- El d&#xED;a de su desgracia [Beatriz] -- Mummy Knows best [ Beatriz] -- Manila [Ina] -- Marisol Sanz [Beatriz] -- Canciones para antes de que todo cambie [Beatriz] -- La ca&#xED;da [Beatriz] -- 20 N [Beatriz] La vida no) sigue igual [Beatriz] --Oposiciones [Ina] -- Carne-Vale [Ina] -- Dos intocables (y otros dos m&#xE1;s que no lo son tanto) [[Ina] -- 52&#xB4;05 grados [Beatriz] -- Recuerdos para preparar un adi&#xF3;s [Ina] -- Una vara de nardos [Ina] -- My Way [Beatriz] -- Bubulina [Beatriz] -- Habitaci&#xF3;n 513 [Beatriz] -- La cara B [Ina] -- Navidad, dulce navidad [Beatriz] -- Chocolate [Beatriz] -- Cosas de mujeres [Beatriz] -- La eterna noche madrile&#xF1;a [Beatriz] -- Delirio [Beatriz] -- Forajidos [Ina] -- Bobo y peque&#xF1;o [Ina] -- Lavar y marcar [Ina] -- Embassy otra vez [Beatriz] -- El vuelo [Beatriz] -- Los choris [Beatriz] -- Sospecha [Gadea] -- De nuevo juntos [Ina] -- Volver [Beatriz - Ina] Sobre una tumba [Beatriz - Ina] -- Gabrial y Estela [Ina] -- Que es un soplo la vida [Ina] -- M&#xE1;s mientras y algunas inesperadas verdades [Gadea] -- La ultima jugada [Beatriz] -- La primavera es tan traidora [Gadea] -- El precio de los maridos-trofeo -- Pesadilla -- Estelia y Beatriz </subfield>
  </datafield>
  <datafield tag="650" ind1=" " ind2="4">
    <subfield code="a">Novela uruguaya</subfield>
    <subfield code="9">70</subfield>
  </datafield>
  <datafield tag="650" ind1=" " ind2=" ">
    <subfield code="a">Mujeres</subfield>
    <subfield code="x">novela</subfield>
    <subfield code="9">71</subfield>
  </datafield>
  <datafield tag="942" ind1=" " ind2=" ">
    <subfield code="2">ddc</subfield>
    <subfield code="c">BK</subfield>
  </datafield>
  <datafield tag="999" ind1=" " ind2=" ">
    <subfield code="c">6409</subfield>
    <subfield code="d">6409</subfield>
  </datafield>
  <datafield tag="952" ind1=" " ind2=" ">
    <subfield code="0">0</subfield>
    <subfield code="1">0</subfield>
    <subfield code="2">ddc</subfield>
    <subfield code="4">0</subfield>
    <subfield code="7">0</subfield>
    <subfield code="a">CPL</subfield>
    <subfield code="b">CPL</subfield>
    <subfield code="d">2019-12-19</subfield>
    <subfield code="e">Donaci&#xF3;n</subfield>
    <subfield code="g">0.00</subfield>
    <subfield code="l">2</subfield>
    <subfield code="m">1</subfield>
    <subfield code="o">A-N POSm</subfield>
    <subfield code="p">201811794</subfield>
    <subfield code="r">2023-10-05 00:00:00</subfield>
    <subfield code="s">2023-09-19</subfield>
    <subfield code="t">Ej.1</subfield>
    <subfield code="w">2020-01-29</subfield>
    <subfield code="y">BK</subfield>
  </datafield>
</record>
